| 000 | 01735nam0a2200373 4500 | ||
|---|---|---|---|
| 001 | RU\NLR\BIBL_A\012912915 | ||
| 005 | 20221130181422.0 | ||
| 010 |
_a978-5-17-092828-6 _95000 |
||
| 021 |
_aRU _bКН-П-20-052397 _9КН-П-20-5055 |
||
| 035 | _a(NLR Aleph) 012912915 | ||
| 090 |
_a12619891 _c12619891 |
||
| 100 | _a20221018d2022 u y0rusy50 ca | ||
| 101 | 0 | _arus | |
| 102 | _aRU | ||
| 105 | _aa|||j|||000zy | ||
| 181 | 0 |
_ai _baxxe |
|
| 182 | 0 | _an | |
| 200 | 1 |
_aСамый быстрый способ научиться читать _eслоговые таблицы _e[учебное пособие _eдля начального образования] _fО. В. Узорова, Е. А. Нефёдова |
|
| 203 |
_aТекст _bвизуальный _cнепосредственный |
||
| 210 |
_aМосква _cАСТ _d2022 |
||
| 215 |
_a64 с. _cил., табл. _d20 |
||
| 225 | 1 | _aСерия "Самый быстрый способ: О. Узорова" | |
| 333 | _a6+ | ||
| 606 | 1 |
_aРусский язык _jУчебные издания для начальной школы _2nlr_sh2 _3RU\NLR\AUTH\66969347 |
|
| 606 | 1 |
_aЧтение _xОбучение _xМетодика _xНачальная школа _jУчебные издания _2nlr_sh2 _3RU\NLR\AUTH\66981546 |
|
| 610 | 0 | _aобучение чтению | |
| 686 | 1 | _aЧ426.131(2)02,01я7 | |
| 686 | 3 | _aШ141.12-9221[1/4] | |
| 700 | 1 |
_aУзорова _bО. В. _f1970- _gОльга Васильевна _3RU\NLR\AUTH\770270398 |
|
| 701 | 1 |
_aНефёдова _bЕ. А. _cд-р филол. наук _gЕлена Алексеевна _3RU\NLR\AUTH\770153214 |
|
| 942 | _cBOOK | ||
| 980 | _aNB | ||